000 00614nam a22002297a 4500
003 UA-OsUOA
001 96200
007 ta
008 20130318b un ||||| |||| 00| 0 ukr d
100 _aКопина Л.
090 _a821.161.1
_bК65
942 _cBK
040 _aUA-OsUOA
_brus
_cUA-OsUOA
_dUA-OsUOA
245 _aСтраницы большой жизни
300 _a441 с.
955 _a3
041 _arus
080 _a821.161.1
260 _aМ.
_bСоветский писатель
_c1953
650 7 _a82 Література. Літературознавство
_2UDC
999 _c382453
_d382453